[Event "4NCL 2021-22"]
[Site "England"]
[Date "2022.02.12"]
[Round "3.63"]
[White "Starley, Robert"]
[Black "Heritage, Jamie"]
[Result "1-0"]
[WhiteElo "2053"]
[BlackElo "2114"]
[Annotator "NA"]
[PlyCount "55"]
[EventDate "2021.11.27"]
[EventType "team-tourn"]
[EventCountry "ENG"]
[SourceTitle "playchess.com"]
[Source "ChessBase"]
[SourceQuality "1"]
[TimeControl "40/6000+30:3000+30"]

1. e4 {[%emt 0:00:02]} e5 {[%emt 0:00:53]} 2. Nf3 {[%emt 0:00:07]} Nc6 {[%emt 0:00:07]} 3. Bb5 {[%emt 0:00:08]} a6 {[%emt 0:00:54]} 4. Ba4 {[%emt 0:00:13]} Nf6 {[%emt 0:00:07]} 5. O-O {[%emt 0:00:22]} Nxe4 {[%emt 0:00:43]} 6. d4 {[%emt 0:00:19]} b5 {[%emt 0:00:07]} 7. Bb3 {[%emt 0:00:08]} d5 {[%emt 0:00:05]} 8. dxe5 {[%emt 0:00:10]} Be6 {[%emt 0:00:04]} 9. Nbd2 {[%emt 0:00:21]} Nc5 {[%emt 0:00:08]} 10. c3 {[%emt 0:00:10]} Nxb3 {[%emt 0:00:04]} 11. Nxb3 {[%emt 0:01:02]} Be7 {[%emt 0:00:09]} 12. h3 {[%emt 0:00:23]} O-O {[%emt 0:22:06]} 13. Be3 {[%emt 0:00:06]} Re8 {[%emt 0:02:11]} 14. Bc5 {[%emt 0:04:23]} a5 {[%emt 0:21:04]} 15. Qd3 {[%emt 0:01:45]} Rb8 {[%emt 0:02:41]} 16. Rfe1 {[%emt 0:10:05]} a4 {[%emt 0:06:49]} 17. Bxe7 {[%emt 0:01:00]} Qxe7 {[%emt 0:00:11]} 18. Nbd4 {[%emt 0:06:17]} Nxd4 {[%emt 0:00:29]} 19. Nxd4 {[%emt 0:03:08]} Qd7 {[%emt 0:01:48]} 20. Qe3 {[%emt 0:06:50]} Rec8 {[%emt 0:04:10]} 21. b4 {[%emt 0:01:33]} c6 {[%emt 0:07:24]} 22. f4 {[%emt 0:02:34]} Bf5 {[%emt 0:01:07]} 23. Rad1 {[%emt 0:03:18]} Be4 {[%emt 0:02:18]} 24. Ne2 {[%emt 0:03:02]} Qe7 {[%emt 0:08:35]} 25. Ng3 {[%emt 0:03:12]} c5 {[%emt 0:00:23]} 26. Nxe4 {[%emt 0:03:13]} dxe4 {[%emt 0:00:09]} 27. bxc5 {[%emt 0:04:11]} Qxc5 {[%emt 0:01:59]} 28. Rd8+ {[%emt 0:01:02]} 1-0

[Event "4NCL 2021-22"]
[Site "England"]
[Date "2022.02.12"]
[Round "3.64"]
[White "Burnett, Jim"]
[Black "Manmay Chopra"]
[Result "1/2-1/2"]
[WhiteElo "2055"]
[BlackElo "1951"]
[Annotator "ChessBase"]
[PlyCount "121"]
[EventDate "2021.11.27"]
[EventType "team-tourn"]
[EventCountry "ENG"]
[SourceTitle "playchess.com"]
[Source "ChessBase"]
[SourceQuality "1"]
[TimeControl "40/6000+30:3000+30"]

1. d4 {[%emt 0:00:02]} Nf6 {[%emt 0:04:47]} 2. c4 {[%emt 0:00:06]} g6 {[%emt 0:00:09]} 3. g3 {[%emt 0:00:05]} Bg7 {[%emt 0:00:06]} 4. Bg2 {[%emt 0:00:03]} O-O {[%emt 0:00:12]} 5. Nc3 {[%emt 0:00:10]} d6 {[%emt 0:00:11]} 6. Nf3 {[%emt 0:00:05]} Nbd7 {[%emt 0:00:09]} 7. O-O {[%emt 0:00:12]} c6 {[%emt 0:00:11]} 8. e4 {[%emt 0:00:28]} e5 {[%emt 0:01:15]} 9. h3 {[%emt 0:00:34]} Re8 {[%emt 0:02:02]} 10. Be3 {[%emt 0:04:03]} exd4 {[%emt 0:04:17]} 11. Nxd4 {[%emt 0:00:11]} Nc5 {[%emt 0:00:08]} 12. Qc2 {[%emt 0:01:56]} a5 {[%emt 0:01:52]} 13. Rfe1 {[%emt 0:01:11]} Qe7 {[%emt 0:06:58]} 14. f3 {[%emt 0:02:55]} Ne6 {[%emt 0:09:37]} 15. Rad1 {[%emt 0:02:48]} Nxd4 {[%emt 0:03:02]} 16. Bxd4 {[%emt 0:00:04]} Be6 {[%emt 0:01:51]} 17. b3 {[%emt 0:00:59]} Nh5 {[%emt 0:03:14]} 18. Bf2 {[%emt 0:05:27]} Qc7 {[%emt 0:31:32]} 19. Ne2 {[%emt 0:03:22]} Rad8 {[%emt 0:01:19]} 20. g4 {[%emt 0:05:31]} Nf6 {[%emt 0:00:02]} 21. Bg3 {[%emt 0:07:46]} Qb6+ {[%emt 0:00:25]} 22. Kh2 {[%emt 0:00:13]} d5 {[%emt 0:07:02]} 23. e5 {[%emt 0:08:40]} Nd7 {[%emt 0:00:21]} 24. Nd4 {[%emt 0:01:00]} Nf8 {[%emt 0:02:07]} 25. Nxe6 {[%emt 0:11:08]} Nxe6 {[%emt 0:00:17]} 26. f4 {[%emt 0:02:54]} dxc4 {[%emt 0:02:49]} 27. Qxc4 {[%emt 0:02:27]} Rd4 {[%emt 0:06:57]} 28. Rxd4 {[%emt 0:01:15]} Nxd4 {[%emt 0:00:38]} 29. Bf2 {[%emt 0:04:52]} Rd8 {[%emt 0:00:35]} 30. Rd1 {[%emt 0:08:44]} c5 {[%emt 0:00:02]} 31. Bd5 {[%emt 0:01:33]} Ne6 {[%emt 0:04:17]} 32. Bg3 {[%emt 0:07:05]} Qc7 {[%emt 0:05:10]} 33. Rd3 {[%emt 0:03:10]} Qd7 {[%emt 0:04:08]} 34. Be4 {[%emt 0:07:24]} Qc8 {[%emt 0:05:39]} 35. Rxd8+ {[%emt 0:08:45]} Qxd8 {[%emt 0:00:31]} 36. Qd5 {[%emt 0:02:32]} Qxd5 {[%emt 0:00:57]} 37. Bxd5 {[%emt 0:00:05]} b5 {[%emt 0:01:36]} 38. Kg2 {[%emt 0:02:30]} Nc7 {[%emt 0:01:22]} 39. Bc6 {[%emt 0:01:19]} c4 {[%emt 0:00:36]} 40. Be1 {[%emt 0:01:22]} cxb3 {[%emt 0:01:03]} 41. axb3 {[%emt 0:50:31]} Ne6 {[%emt 0:02:17]} 42. Bxa5 {[%emt 0:00:00]} Nxf4+ {[%emt 0:00:14]} 43. Kg3 {[%emt 0:00:00]} Ne2+ {[%emt 0:05:12]} 44. Kf2 {[%emt 0:00:00]} Nd4 {[%emt 0:00:11]} 45. Bd5 {[%emt 0:00:00]} Bxe5 {[%emt 0:00:25]} 46. Ke3 {[%emt 0:00:00]} Ne6 {[%emt 0:03:15]} 47. h4 {[%emt 0:00:00]} Bd6 {[%emt 0:01:58]} 48. b4 {[%emt 0:00:00]} Nc7 {[%emt 0:03:17]} 49. Bc6 {[%emt 0:00:00]} Na6 {[%emt 0:00:13]} 50. Bxb5 {[%emt 0:00:00]} Bxb4 {[%emt 0:03:00]} 51. Bxa6 {[%emt 0:00:00]} Bxa5 {[%emt 0:00:07]} 52. Be2 {[%emt 0:00:00]} Kg7 {[%emt 0:00:32]} 53. Kf2 {[%emt 0:00:00]} Kf6 {[%emt 0:00:09]} 54. h5 {[%emt 0:00:00]} Kg5 {[%emt 0:00:39]} 55. hxg6 {[%emt 0:00:00]} hxg6 {[%emt 0:00:08]} 56. Kg2 {[%emt 0:00:00]} Kf4 {[%emt 0:00:09]} 57. Bd1 {[%emt 0:00:00]} Be1 {[%emt 0:00:14]} 58. Bb3 {[%emt 0:00:00]} f6 {[%emt 0:00:08]} 59. Bf7 {[%emt 0:00:00]} g5 {[%emt 0:00:44]} 60. Be6 {[%emt 0:00:00]} Ke5 {[%emt 0:00:08]} 61. Kf3 {[%emt 0:00:01]} 1/2-1/2

[Event "4NCL 2021-22"]
[Site "England"]
[Date "2022.02.12"]
[Round "3.65"]
[White "Olson, Hamish"]
[Black "Blackburn, Jonathan L B"]
[Result "1-0"]
[WhiteElo "2296"]
[BlackElo "2227"]
[Annotator "ChessBase"]
[PlyCount "99"]
[EventDate "2021.11.27"]
[EventType "team-tourn"]
[EventCountry "ENG"]
[SourceTitle "playchess.com"]
[Source "ChessBase"]
[SourceQuality "1"]
[TimeControl "40/6000+30:3000+30"]

1. d4 {[%emt 0:00:05]} Nf6 {[%emt 0:00:08]} 2. Nf3 {[%emt 0:00:09]} g6 {[%emt 0:00:11]} 3. g3 {[%emt 0:00:07]} Bg7 {[%emt 0:00:06]} 4. Bg2 {[%emt 0:00:15]} O-O {[%emt 0:00:17]} 5. O-O {[%emt 0:00:09]} d6 {[%emt 0:00:10]} 6. Nbd2 {[%emt 0:00:09]} c5 {[%emt 0:04:21]} 7. dxc5 {[%emt 0:00:29]} dxc5 {[%emt 0:00:09]} 8. c3 {[%emt 0:00:16]} Nc6 {[%emt 0:04:13]} 9. Nb3 {[%emt 0:01:50]} Nd7 {[%emt 0:14:41]} 10. Bf4 {[%emt 0:06:36]} c4 {[%emt 0:25:24]} 11. Nbd2 {[%emt 0:06:24]} Nb6 {[%emt 0:05:45]} 12. e4 {[%emt 0:01:05]} e5 {[%emt 0:09:31]} 13. Be3 {[%emt 0:00:33]} Be6 {[%emt 0:08:18]} 14. Re1 {[%emt 0:04:08]} Qe7 {[%emt 0:02:50]} 15. Bf1 {[%emt 0:04:32]} Rfd8 {[%emt 0:03:03]} 16. Qb1 {[%emt 0:03:33]} Na5 {[%emt 0:08:51]} 17. b4 {[%emt 0:02:08]} cxb3 {[%emt 0:00:09]} 18. axb3 {[%emt 0:00:21]} Nc6 {[%emt 0:00:09]} 19. b4 {[%emt 0:02:50]} Qc7 {[%emt 0:02:47]} 20. Ng5 {[%emt 0:05:55]} Bd7 {[%emt 0:00:32]} 21. b5 {[%emt 0:06:50]} Ne7 {[%emt 0:01:19]} 22. c4 {[%emt 0:04:53]} h6 {[%emt 0:01:58]} 23. Ngf3 {[%emt 0:01:43]} Be6 {[%emt 0:01:57]} 24. c5 {[%emt 0:00:37]} Nd7 {[%emt 0:00:36]} 25. Rxa7 {[%emt 0:06:56]} Rxa7 {[%emt 0:04:06]} 26. b6 {[%emt 0:00:19]} Qc8 {[%emt 0:00:09]} 27. bxa7 {[%emt 0:00:25]} Nc6 {[%emt 0:00:18]} 28. Nc4 {[%emt 0:01:48]} Bxc4 {[%emt 0:06:38]} 29. Bxc4 {[%emt 0:00:17]} Nxa7 {[%emt 0:01:25]} 30. Qa2 {[%emt 0:02:12]} Nc6 {[%emt 0:00:03]} 31. Bxf7+ {[%emt 0:00:54]} Kh7 {[%emt 0:00:03]} 32. Be6 {[%emt 0:05:33]} Qc7 {[%emt 0:00:49]} 33. h4 {[%emt 0:11:08]} Nd4 {[%emt 0:00:51]} 34. Bxd4 {[%emt 0:01:03]} exd4 {[%emt 0:00:04]} 35. h5 {[%emt 0:00:32]} Nxc5 {[%emt 0:02:27]} 36. hxg6+ {[%emt 0:03:01]} Kh8 {[%emt 0:00:34]} 37. Bd5 {[%emt 0:00:50]} d3 {[%emt 0:02:37]} 38. Kg2 {[%emt 0:00:38]} Nd7 {[%emt 0:01:04]} 39. Rh1 {[%emt 0:04:16]} Ne5 {[%emt 0:00:38]} 40. Qd2 {[%emt 0:07:51]} Nxg6 {[%emt 0:00:22]} 41. Rxh6+ {[%emt 0:56:03]} Bxh6 {[%emt 0:50:36]} 42. Qxh6+ {[%emt 0:00:16]} Qh7 {[%emt 0:00:04]} 43. Qxh7+ {[%emt 0:00:09]} Kxh7 {[%emt 0:00:02]} 44. Ng5+ {[%emt 0:00:10]} Kg7 {[%emt 0:01:13]} 45. Ne6+ {[%emt 0:00:08]} Kf6 {[%emt 0:00:05]} 46. Nxd8 {[%emt 0:00:11]} Ke5 {[%emt 0:00:18]} 47. Nxb7 {[%emt 0:01:54]} Kd4 {[%emt 0:00:14]} 48. f4 {[%emt 0:05:09]} Kc3 {[%emt 0:00:17]} 49. e5 {[%emt 0:00:42]} d2 {[%emt 0:00:03]} 50. Bf3 {[%emt 0:00:11]} 1-0

[Event "4NCL 2021-22"]
[Site "England"]
[Date "2022.02.12"]
[Round "3.66"]
[White "Jones, Steven A"]
[Black "Morrison, Graham"]
[Result "1-0"]
[WhiteElo "2215"]
[BlackElo "2258"]
[Annotator "ChessBase"]
[PlyCount "169"]
[EventDate "2021.11.27"]
[EventType "team-tourn"]
[EventCountry "ENG"]
[SourceTitle "playchess.com"]
[Source "ChessBase"]
[SourceQuality "1"]
[TimeControl "40/6000+30:3000+30"]

1. e4 {[%emt 0:00:37]} c5 {[%emt 0:00:13]} 2. Nf3 {[%emt 0:00:49]} d6 {[%emt 0:00:32]} 3. d4 {[%emt 0:01:03]} cxd4 {[%emt 0:00:12]} 4. Nxd4 {[%emt 0:00:03]} Nf6 {[%emt 0:00:18]} 5. Nc3 {[%emt 0:00:18]} a6 {[%emt 0:00:49]} 6. f3 {[%emt 0:02:23]} e5 {[%emt 0:00:46]} 7. Nb3 {[%emt 0:00:13]} Be6 {[%emt 0:00:32]} 8. Be3 {[%emt 0:00:26]} h5 {[%emt 0:00:50]} 9. Qd2 {[%emt 0:01:04]} Nbd7 {[%emt 0:00:40]} 10. O-O-O {[%emt 0:02:21]} Rc8 {[%emt 0:01:55]} 11. Kb1 {[%emt 0:02:08]} Be7 {[%emt 0:00:43]} 12. h3 {[%emt 0:00:47]} Qc7 {[%emt 0:07:35]} 13. Bd3 {[%emt 0:00:24]} h4 {[%emt 0:02:45]} 14. Rhe1 {[%emt 0:00:42]} b5 {[%emt 0:02:56]} 15. f4 {[%emt 0:00:04]} Nb6 {[%emt 0:16:30]} 16. Bxb6 {[%emt 0:02:48]} Qxb6 {[%emt 0:00:10]} 17. Nd5 {[%emt 0:00:02]} Bxd5 {[%emt 0:07:10]} 18. exd5 {[%emt 0:00:06]} exf4 {[%emt 0:08:52]} 19. Qxf4 {[%emt 0:22:29]} Rc7 {[%emt 0:00:45]} 20. Nd4 {[%emt 0:07:24]} Kf8 {[%emt 0:06:34]} 21. Nf5 {[%emt 0:19:48]} Nxd5 {[%emt 0:02:44]} 22. Qf3 {[%emt 0:01:04]} Qc5 {[%emt 0:01:16]} 23. Nxe7 {[%emt 0:03:38]} Rxe7 {[%emt 0:11:41]} 24. Bg6 {[%emt 0:10:51]} Ne3 {[%emt 0:00:41]} 25. Bxf7 {[%emt 0:05:44]} Rxf7 {[%emt 0:02:24]} 26. Qa8+ {[%emt 0:01:57]} Ke7 {[%emt 0:00:34]} 27. Qxh8 {[%emt 0:02:40]} Qxc2+ {[%emt 0:01:28]} 28. Ka1 {[%emt 0:00:04]} Qe4 {[%emt 0:03:48]} 29. Qc8 {[%emt 0:02:49]} Rf1 {[%emt 0:03:15]} 30. Rxf1 {[%emt 0:06:02]} Nc2+ {[%emt 0:01:50]} 31. Kb1 {[%emt 0:00:04]} Ne3+ {[%emt 0:03:46]} 32. Kc1 {[%emt 0:01:48]} Nxf1 {[%emt 0:04:15]} 33. Qc7+ {[%emt 0:00:46]} Ke8 {[%emt 0:00:06]} 34. Qc8+ {[%emt 0:00:02]} Ke7 {[%emt 0:00:09]} 35. Qc7+ {[%emt 0:02:38]} Ke8 {[%emt 0:00:08]} 36. Qxd6 {[%emt 0:01:47]} Ne3 {[%emt 0:02:49]} 37. Qd7+ {[%emt 0:03:14]} Kf8 {[%emt 0:00:07]} 38. Qc8+ {[%emt 0:00:13]} Kf7 {[%emt 0:00:18]} 39. Rd2 {[%emt 0:01:41]} Nxg2 {[%emt 0:06:46]} 40. Qc2 {[%emt 0:05:17]} Qe1+ {[%emt 0:02:04]} 41. Qd1 {[%emt 0:04:42]} Qxd1+ {[%emt 0:00:35]} 42. Rxd1 {[%emt 0:03:43]} Nf4 {[%emt 0:00:34]} 43. Kd2 {[%emt 0:02:49]} Kf6 {[%emt 0:04:48]} 44. Ke3 {[%emt 0:00:46]} Kf5 {[%emt 0:00:18]} 45. Kf3 {[%emt 0:03:17]} Nxh3 {[%emt 0:02:21]} 46. Rd5+ {[%emt 0:00:17]} Ke6 {[%emt 0:01:38]} 47. Rc5 {[%emt 0:01:18]} Kd6 {[%emt 0:05:27]} 48. Rh5 {[%emt 0:06:45]} Ng1+ {[%emt 0:03:30]} 49. Kg2 {[%emt 0:00:48]} Ne2 {[%emt 0:00:11]} 50. Rxh4 {[%emt 0:00:46]} Nc1 {[%emt 0:02:51]} 51. a3 {[%emt 0:00:46]} a5 {[%emt 0:03:59]} 52. Kf3 {[%emt 0:01:45]} a4 {[%emt 0:04:07]} 53. Ke4 {[%emt 0:01:53]} Nb3 {[%emt 0:02:14]} 54. Kd3 {[%emt 0:02:33]} Kc5 {[%emt 0:02:24]} 55. Rh5+ {[%emt 0:00:50]} Kb6 {[%emt 0:00:10]} 56. Rg5 {[%emt 0:00:52]} Nc5+ {[%emt 0:00:42]} 57. Ke3 {[%emt 0:00:05]} Nb3 {[%emt 0:01:26]} 58. Rxg7 {[%emt 0:00:58]} Kc5 {[%emt 0:00:34]} 59. Rg8 {[%emt 0:01:26]} Na5 {[%emt 0:01:14]} 60. Kd3 {[%emt 0:00:51]} Nc6 {[%emt 0:04:07]} 61. Rg5+ {[%emt 0:01:39]} Kb6 {[%emt 0:00:08]} 62. Rh5 {[%emt 0:00:23]} Na5 {[%emt 0:00:59]} 63. Kd4 {[%emt 0:00:31]} Nc4 {[%emt 0:01:21]} 64. Rh6+ {[%emt 0:00:35]} Ka5 {[%emt 0:00:37]} 65. Kc3 {[%emt 0:00:36]} Ne3 {[%emt 0:02:30]} 66. Rd6 {[%emt 0:00:11]} Nc4 {[%emt 0:02:11]} 67. Rh6 {[%emt 0:02:12]} Ne3 {[%emt 0:00:25]} 68. Rc6 {[%emt 0:00:36]} Nd1+ {[%emt 0:09:13]} 69. Kc2 {[%emt 0:00:16]} Ne3+ {[%emt 0:02:31]} 70. Kd3 {[%emt 0:00:11]} Nd5 {[%emt 0:00:36]} 71. Kd4 {[%emt 0:00:40]} Nb6 {[%emt 0:00:34]} 72. Kc5 {[%emt 0:01:24]} Nd7+ {[%emt 0:00:28]} 73. Kd6 {[%emt 0:00:34]} Nb8 {[%emt 0:02:10]} 74. Rc8 {[%emt 0:05:16]} Na6 {[%emt 0:00:09]} 75. Kc6 {[%emt 0:00:36]} b4 {[%emt 0:00:23]} 76. Rh8 {[%emt 0:00:20]} bxa3 {[%emt 0:00:54]} 77. bxa3 {[%emt 0:00:12]} Nb4+ {[%emt 0:00:19]} 78. axb4+ {[%emt 0:02:41]} Kxb4 {[%emt 0:00:08]} 79. Rh4+ {[%emt 0:00:31]} Kb3 {[%emt 0:00:10]} 80. Kb5 {[%emt 0:00:06]} a3 {[%emt 0:00:08]} 81. Rh3+ {[%emt 0:00:04]} Kb2 {[%emt 0:00:07]} 82. Kb4 {[%emt 0:00:06]} a2 {[%emt 0:00:06]} 83. Rh2+ {[%emt 0:00:09]} Kb1 {[%emt 0:00:16]} 84. Kb3 {[%emt 0:00:07]} a1=N+ {[%emt 0:01:36]} 85. Kc3 {[%emt 0:00:03]} 1-0

[Event "4NCL 2021-22"]
[Site "England"]
[Date "2022.02.12"]
[Round "3.67"]
[White "Berry, Neil"]
[Black "Cooper, John G"]
[Result "0-1"]
[WhiteElo "2267"]
[BlackElo "2234"]
[Annotator "ChessBase"]
[PlyCount "22"]
[EventDate "2021.11.27"]
[EventType "team-tourn"]
[EventCountry "ENG"]
[SourceTitle "playchess.com"]
[Source "ChessBase"]
[SourceQuality "1"]
[TimeControl "40/6000+30:3000+30"]

1. d4 {[%emt 0:00:10]} d5 {[%emt 0:00:26]} 2. c4 {[%emt 0:00:24]} e6 {[%emt 0:00:18]} 3. Nf3 {[%emt 0:00:47]} c5 {[%emt 0:00:22]} 4. cxd5 {[%emt 0:01:16]} exd5 {[%emt 0:00:07]} 5. g3 {[%emt 0:01:35]} Nc6 {[%emt 0:00:45]} 6. Bg2 {[%emt 0:00:47]} Nf6 {[%emt 0:00:08]} 7. O-O {[%emt 0:00:44]} Be7 {[%emt 0:00:13]} 8. dxc5 {[%emt 0:01:08]} Bxc5 {[%emt 0:00:08]} 9. a3 {[%emt 0:00:40]} a5 {[%emt 0:01:12]} 10. Bg5 {[%emt 0:03:14]} O-O {[%emt 0:00:52]} 11. Qc2 {[%emt 0:02:38]} Be7 {[%emt 0:05:32]} 0-1

[Event "4NCL 2021-22"]
[Site "England"]
[Date "2022.02.12"]
[Round "3.68"]
[White "Redmond, John P."]
[Black "McKay, Roderick M"]
[Result "1/2-1/2"]
[WhiteElo "2210"]
[BlackElo "2208"]
[Annotator "ChessBase"]
[PlyCount "70"]
[EventDate "2021.11.27"]
[EventType "team-tourn"]
[EventCountry "ENG"]
[SourceTitle "playchess.com"]
[Source "ChessBase"]
[SourceQuality "1"]
[TimeControl "40/6000+30:3000+30"]

1. d4 {[%emt 0:00:11]} d5 {[%emt 0:00:23]} 2. c4 {[%emt 0:00:13]} c6 {[%emt 0:00:09]} 3. Nf3 {[%emt 0:00:22]} Nf6 {[%emt 0:00:09]} 4. g3 {[%emt 0:00:25]} Bf5 {[%emt 0:02:13]} 5. Nc3 {[%emt 0:00:15]} e6 {[%emt 0:01:36]} 6. Qb3 {[%emt 0:00:18]} Qc8 {[%emt 0:02:23]} 7. Nh4 {[%emt 0:02:17]} Be4 {[%emt 0:02:20]} 8. f3 {[%emt 0:00:45]} Bg6 {[%emt 0:00:09]} 9. Bg2 {[%emt 0:03:21]} Nbd7 {[%emt 0:01:48]} 10. cxd5 {[%emt 0:12:44]} Nxd5 {[%emt 0:06:14]} 11. e4 {[%emt 0:16:48]} Nxc3 {[%emt 0:02:50]} 12. bxc3 {[%emt 0:00:27]} Bh5 {[%emt 0:07:42]} 13. f4 {[%emt 0:06:47]} Be7 {[%emt 0:08:43]} 14. Nf3 {[%emt 0:00:52]} Bg6 {[%emt 0:01:19]} 15. Nd2 {[%emt 0:07:58]} O-O {[%emt 0:12:48]} 16. O-O {[%emt 0:02:53]} Re8 {[%emt 0:02:34]} 17. Bb2 {[%emt 0:10:58]} Rb8 {[%emt 0:02:44]} 18. Rae1 {[%emt 0:01:36]} Bf8 {[%emt 0:02:00]} 19. Bh3 {[%emt 0:03:53]} Nb6 {[%emt 0:04:18]} 20. c4 {[%emt 0:07:28]} f6 {[%emt 0:04:17]} 21. c5 {[%emt 0:05:06]} Na8 {[%emt 0:00:44]} 22. Nc4 {[%emt 0:01:30]} Qd7 {[%emt 0:06:02]} 23. e5 {[%emt 0:13:51]} b6 {[%emt 0:03:46]} 24. exf6 {[%emt 0:05:46]} bxc5 {[%emt 0:01:10]} 25. Qxb8 {[%emt 0:02:16]} Rxb8 {[%emt 0:00:24]} 26. Bxe6+ {[%emt 0:00:06]} Qxe6 {[%emt 0:00:47]} 27. Rxe6 {[%emt 0:00:03]} Bf7 {[%emt 0:00:58]} 28. f5 {[%emt 0:01:00]} Nc7 {[%emt 0:01:43]} 29. Ne5 {[%emt 0:03:10]} Nxe6 {[%emt 0:04:52]} 30. fxe6 {[%emt 0:00:52]} Bxe6 {[%emt 0:00:09]} 31. f7+ {[%emt 0:01:08]} Kh8 {[%emt 0:06:07]} 32. Ba3 {[%emt 0:00:29]} cxd4 {[%emt 0:12:23]} 33. Nxc6 {[%emt 0:00:12]} Ra8 {[%emt 0:00:22]} 34. Bxf8 {[%emt 0:00:36]} Rxf8 {[%emt 0:00:13]} 35. Nxd4 {[%emt 0:00:19]} Bxa2 1/2-1/2

[Event "4NCL 2021-22"]
[Site "England"]
[Date "2022.02.12"]
[Round "3.69"]
[White "Burnett, Andrew"]
[Black "Kett, Tim"]
[Result "0-1"]
[WhiteElo "2176"]
[BlackElo "2136"]
[Annotator "ChessBase"]
[PlyCount "66"]
[EventDate "2021.11.27"]
[EventType "team-tourn"]
[EventCountry "ENG"]
[SourceTitle "playchess.com"]
[Source "ChessBase"]
[SourceQuality "1"]
[TimeControl "40/6000+30:3000+30"]

1. d4 {[%emt 0:00:04]} d5 {[%emt 0:00:12]} 2. c4 {[%emt 0:00:23]} e6 {[%emt 0:00:07]} 3. Nf3 {[%emt 0:00:22]} Nf6 {[%emt 0:00:15]} 4. Nc3 {[%emt 0:00:16]} Be7 {[%emt 0:02:13]} 5. g3 {[%emt 0:00:15]} O-O {[%emt 0:01:15]} 6. Bg2 {[%emt 0:00:09]} dxc4 {[%emt 0:01:53]} 7. O-O {[%emt 0:00:32]} Nc6 {[%emt 0:07:24]} 8. e4 {[%emt 0:04:54]} Rb8 {[%emt 0:08:00]} 9. Bf4 {[%emt 0:04:25]} b5 {[%emt 0:09:38]} 10. a3 {[%emt 0:00:36]} a6 {[%emt 0:05:59]} 11. d5 {[%emt 0:08:09]} exd5 {[%emt 0:07:11]} 12. exd5 {[%emt 0:03:02]} Na5 {[%emt 0:00:41]} 13. Qc2 {[%emt 0:00:31]} Bd6 {[%emt 0:09:30]} 14. Be3 {[%emt 0:09:36]} Nb3 {[%emt 0:01:59]} 15. Rad1 {[%emt 0:00:35]} Bg4 {[%emt 0:01:30]} 16. h3 {[%emt 0:21:23]} Bh5 {[%emt 0:01:47]} 17. g4 {[%emt 0:00:30]} Bg6 {[%emt 0:00:15]} 18. Qe2 {[%emt 0:00:08]} Re8 {[%emt 0:09:18]} 19. Nh4 {[%emt 0:13:02]} Bd3 {[%emt 0:01:18]} 20. Rxd3 {[%emt 0:03:58]} cxd3 {[%emt 0:00:07]} 21. Qd1 {[%emt 0:00:33]} b4 {[%emt 0:10:28]} 22. axb4 {[%emt 0:03:00]} Rxb4 {[%emt 0:00:21]} 23. Nf5 {[%emt 0:00:56]} Nc5 {[%emt 0:02:08]} 24. Qc1 {[%emt 0:01:34]} Nfe4 {[%emt 0:05:20]} 25. f3 {[%emt 0:02:37]} d2 {[%emt 0:05:11]} 26. Bxd2 {[%emt 0:03:06]} Nb3 {[%emt 0:01:13]} 27. Nxe4 {[%emt 0:02:26]} Nxc1 {[%emt 0:00:15]} 28. Rxc1 {[%emt 0:00:16]} Rb8 {[%emt 0:07:04]} 29. Ba5 {[%emt 0:01:17]} Qd7 {[%emt 0:01:19]} 30. Rc6 {[%emt 0:05:09]} Rxb2 {[%emt 0:03:54]} 31. Bf1 {[%emt 0:01:27]} Bh2+ {[%emt 0:01:53]} 32. Kh1 {[%emt 0:00:14]} Qxd5 {[%emt 0:00:27]} 33. Rxa6 {[%emt 0:01:21]} Rxe4 {[%emt 0:03:14]} 0-1

[Event "4NCL 2021-22"]
[Site "England"]
[Date "2022.02.12"]
[Round "3.70"]
[White "Zeidler, Sven P."]
[Black "Schwartz, Julius"]
[Result "0-1"]
[WhiteElo "2172"]
[BlackElo "2088"]
[Annotator "ChessBase"]
[PlyCount "116"]
[EventDate "2021.11.27"]
[EventType "team-tourn"]
[EventCountry "ENG"]
[SourceTitle "playchess.com"]
[Source "ChessBase"]
[SourceQuality "1"]
[TimeControl "40/6000+30:3000+30"]

1. e4 {[%emt 0:00:03]} c5 {[%emt 0:00:05]} 2. Nc3 {[%emt 0:00:05]} d6 {[%emt 0:00:04]} 3. f4 {[%emt 0:00:18]} Nc6 {[%emt 0:00:14]} 4. Nf3 {[%emt 0:01:19]} g6 {[%emt 0:00:38]} 5. Bb5 {[%emt 0:01:57]} Bg7 {[%emt 0:03:27]} 6. O-O {[%emt 0:01:19]} Bd7 {[%emt 0:00:36]} 7. Bxc6 {[%emt 0:01:04]} Bxc6 {[%emt 0:00:37]} 8. d3 {[%emt 0:00:41]} Nf6 {[%emt 0:04:57]} 9. Qe1 {[%emt 0:03:13]} Nd7 {[%emt 0:06:49]} 10. Qh4 {[%emt 0:23:54]} h6 {[%emt 0:13:56]} 11. Bd2 {[%emt 0:05:22]} Qc7 {[%emt 0:24:07]} 12. Rae1 {[%emt 0:07:23]} g5 {[%emt 0:08:40]} 13. fxg5 {[%emt 0:32:40]} hxg5 {[%emt 0:01:26]} 14. Qxg5 {[%emt 0:00:09]} Bf6 {[%emt 0:02:03]} 15. Nd5 {[%emt 0:04:49]} Bxd5 {[%emt 0:00:07]} 16. Qxd5 {[%emt 0:00:07]} e6 {[%emt 0:01:04]} 17. Qb3 {[%emt 0:00:42]} O-O-O {[%emt 0:07:57]} 18. Bf4 {[%emt 0:01:17]} Rdg8 {[%emt 0:04:58]} 19. c3 {[%emt 0:00:31]} Rg4 {[%emt 0:02:33]} 20. Bg3 {[%emt 0:00:23]} Qc6 {[%emt 0:07:47]} 21. Re2 {[%emt 0:00:57]} Rhg8 {[%emt 0:03:05]} 22. Rfe1 {[%emt 0:00:49]} Bd8 {[%emt 0:04:27]} 23. c4 {[%emt 0:08:19]} Nf6 {[%emt 0:00:53]} 24. Qb5 {[%emt 0:00:58]} Qxb5 {[%emt 0:05:07]} 25. cxb5 {[%emt 0:00:03]} Bc7 {[%emt 0:00:38]} 26. e5 {[%emt 0:04:01]} Nh5 {[%emt 0:00:42]} 27. exd6 {[%emt 0:00:11]} Nxg3 {[%emt 0:00:08]} 28. hxg3 {[%emt 0:00:09]} Bxd6 {[%emt 0:00:05]} 29. Ne5 {[%emt 0:00:41]} Rxg3 {[%emt 0:01:05]} 30. Nxf7 {[%emt 0:04:16]} Bf4 {[%emt 0:00:07]} 31. Ne5 {[%emt 0:01:26]} Bxe5 {[%emt 0:00:48]} 32. Rxe5 {[%emt 0:00:05]} Rxg2+ {[%emt 0:00:03]} 33. Kf1 {[%emt 0:00:30]} Rg1+ {[%emt 0:02:03]} 34. Kf2 {[%emt 0:00:40]} R1g2+ {[%emt 0:00:13]} 35. Kf1 Rxb2 {[%emt 0:00:30]} 36. Rxc5+ Kd7 {[%emt 0:00:30]} 37. Rec1 Kd6 {[%emt 0:00:30]} 38. a4 Rg3 {[%emt 0:00:30]} 39. Rc7 Rf3+ {[%emt 0:00:30]} 40. Kg1 Rb1 {[%emt 0:00:30]} 41. Rxb1 Kxc7 {[%emt 0:50:30]} 42. Rb3 Kb6 {[%emt 0:00:30]} 43. Kg2 Rf4 {[%emt 0:00:30]} 44. Ra3 Ka5 {[%emt 0:00:30]} 45. Rc3 Rxa4 {[%emt 0:00:30]} 46. Rc7 Kb6 {[%emt 0:00:30]} 47. Re7 Rd4 {[%emt 0:00:30]} 48. Rxe6+ Kxb5 {[%emt 0:00:30]} 49. Re5+ Kc6 {[%emt 0:00:30]} 50. Re3 a5 {[%emt 0:00:30]} 51. Kf3 a4 {[%emt 0:00:30]} 52. Ke2 a3 {[%emt 0:00:30]} 53. Kd2 Rb4 {[%emt 0:00:30]} 54. Re1 Rb2+ {[%emt 0:00:30]} 55. Ke3 b5 {[%emt 0:00:30]} 56. Ra1 b4 {[%emt 0:00:30]} 57. Ke4 a2 {[%emt 0:00:30]} 58. Rh1 Rb1 {[%emt 0:00:30]} 0-1